000 00603nam a2200217 a 4500
001 20229
003 CO-ViMGA
008 141112s2004 ck r 000 u spa d
020 _a9562202054
040 _aCO-ViMGA
_bspa
_cCO-ViMGA
082 0 4 _a613.943 M654a
100 1 _aMolina C, Ramiro
_929260
245 1 0 _aAnticoncepción :
_bguia practica
250 _a3
260 _aSantiago de Chile :
_bEd. Mediterraneo,
_c2002
300 _a124 p.
590 _aForma de adquisición : Premio Mincultura
650 1 4 _aCONTROL NATAL
_929261
650 1 4 _aPLANIFICACION FAMILIAR
_951100
942 _2ddc
_cBK
999 _c29276
_d29276